|
|
|
|
| LEADER |
00000caa a2200000 c 4500 |
| 001 |
1632028425 |
| 003 |
DE-627 |
| 005 |
20250327084118.0 |
| 007 |
tu |
| 008 |
120507s2010 xx ||||| 00| ||ger c |
| 035 |
|
|
|a (DE-627)1632028425
|
| 035 |
|
|
|a (DE-576)364594543
|
| 035 |
|
|
|a (DE-599)BSZ364594543
|
| 040 |
|
|
|a DE-627
|b ger
|c DE-627
|e rda
|
| 041 |
|
|
|a ger
|
| 100 |
1 |
|
|a Knepper, Paul
|d 1964-
|e VerfasserIn
|0 (DE-588)1044264535
|0 (DE-627)771714033
|0 (DE-576)167851896
|4 aut
|
| 109 |
|
|
|a Knepper, Paul 1964-
|a Knepper, Paul E. 1964-
|
| 245 |
1 |
0 |
|a Anarchistische Anschläge und die Entstehung der Kriminologie als internationale Disziplin
|b = Anarchist outrages and the emergence of criminology as an international discipline
|c Paul Knepper
|
| 246 |
3 |
1 |
|a Anarchist outrages and the emergence of criminology as an international discipline
|
| 264 |
|
1 |
|c 2010
|
| 336 |
|
|
|a Text
|b txt
|2 rdacontent
|
| 337 |
|
|
|a ohne Hilfsmittel zu benutzen
|b n
|2 rdamedia
|
| 338 |
|
|
|a Band
|b nc
|2 rdacarrier
|
| 508 |
|
|
|a Gegen Ende des neunzehnten und Anfang des zwanzigsten Jahrhunderts war anarchistische Gewalt eines der vorherrschenden internationalen Probleme. "Anarchistische Gewalttaten", unter anderem in Form von Explosionen und Mordanschlägen, fanden in ganz Europa und Amerika statt. Dieser Artikel vergleicht die Reaktion der Polizei und Diplomaten mit der der Kriminologen in Bezug auf die Diskussion um "politische Gewalt" im Rahmen einer Anti-Anarchisten-Konferenz 1898 in Rom und dem internationalen Kongress der anthropologischen Kriminologie von 1885. Besonders auch Lombrosos Betrachtungsweise anarchistischer Kriminalität wird untersucht. Im Wesentlichen plädierten die frühen Kriminologen für eine Untersuchung von anarchistischer Gewalt innerhalb eines sozialen, politischen und ökonomischen Kontextes, während Polizei und Politiker darauf beharrten, dass anarchistische Kriminalität gewöhnlichen Verbrechen gleichzusetzen sei. Dieser Beitrag stützt sich auf Publikationen und Regierungsdokumente aus dieser historischen Zeitspanne, die aus Archiven des Vereinigten Königreichs zusammengetragen wurden. Der Beitrag kommt zu dem Schluss, dass die Kriminologie nicht daran interessiert war, die nationalen Kriminalpolitiken mit Konzepten zu versorgen sondern dass sie vielmehr als ein transnationaler Wissensfundus fungierte, mit dessen Hilfe Kritik an den nationalen Strafrechtspraxen geübt werden konnte.
|
| 773 |
0 |
8 |
|i Enthalten in
|t Kriminologisches Journal
|d Weinheim : Beltz Juventa, 1969
|g 42(2010), 4, Seite 246-262
|w (DE-627)130092207
|w (DE-600)500591-7
|w (DE-576)018208223
|x 0341-1966
|7 nnas
|
| 773 |
1 |
8 |
|g volume:42
|g year:2010
|g number:4
|g pages:246-262
|
| 776 |
0 |
8 |
|i Erscheint auch als
|n Online-Ausgabe
|a Knepper, Paul, 1964 -
|t Anarchistische Anschläge und die Entstehung der Kriminologie als internationale Disziplin
|d 2010
|w (DE-627)721252540
|w (DE-576)9721252549
|k Electronic
|
| 889 |
|
|
|w (DE-627)1668485060
|
| 935 |
|
|
|i mdedup
|
| 951 |
|
|
|a AR
|
| ELC |
|
|
|b 1
|
| LOK |
|
|
|0 000 xxxxxcx a22 zn 4500
|
| LOK |
|
|
|0 001 3283603340
|
| LOK |
|
|
|0 003 DE-627
|
| LOK |
|
|
|0 004 1632028425
|
| LOK |
|
|
|0 005 20250815122418
|
| LOK |
|
|
|0 008 120507||||||||||||||||ger|||||||
|
| LOK |
|
|
|0 040
|a DE-21-110
|c DE-627
|d DE-21-110
|
| LOK |
|
|
|0 689
|a s
|a Anarchisten
|
| LOK |
|
|
|0 689
|a s
|a Kriminal-Anthropologie
|
| LOK |
|
|
|0 689
|a p
|a Lombroso, Cesare
|
| LOK |
|
|
|0 689
|a s
|a Anarchismus
|
| LOK |
|
|
|0 689
|a s
|a Kritische Kriminologie
|
| LOK |
|
|
|0 852
|a DE-21-110
|
| LOK |
|
|
|0 852 1
|m p
|9 00
|
| LOK |
|
|
|0 938
|k p
|
| LOK |
|
|
|0 939
|a 07-05-12
|b l01
|
| ORI |
|
|
|a SA-MARC-krimdoka001.raw
|